| 000 | 01178nam a2200205Ia 4500 | ||
|---|---|---|---|
| 003 | OSt | ||
| 005 | 20250531085518.0 | ||
| 008 | 210210b1982 xxu||||| |||| 00| 0 eng d | ||
| 040 | _cAL | ||
| 041 | _aKannada | ||
| 082 | _aK894.3 LALN | ||
| 100 |
_aLALITANAYAKA (B T) _dಲಲಿತನಾಯಕ (ಬಿ ಟಿ) _9211947 |
||
| 245 |
_aNele-bele _bನೆಲೆ-ಬೆಲೆ |
||
| 260 |
_aBengaluru _bBhagyalakshmi Prakashana _c1982 |
||
| 300 | _aviii,127 | ||
| 520 | _aನೆಲೆ-ಬೆಲೆಯು ಬಂಡಾಯ ಆಶಯಗಳನ್ನೊಳಗೊಂಡ ಒಂದು ಕಾದಂಬರಿ. ಬಿ.ಟಿ. ಲಲಿತಾನಾಯಕ ಅವರು ಸಾಹಿತ್ಯಕ್ಕಾಗಿ ಸಾಹಿತ್ಯ ಎನ್ನದೆ ಬದುಕಿಗಾಗಿ ಸಾಹಿತ್ಯ ಎನ್ನುವವರಾಗಿದ್ದಾರೆ. ಸಂಪೂರ್ಣ ಮೌಢ್ಯದಿಂದ ಕೂಡಿದ ಸಮಾಜದಲ್ಲಿ ಹೆಣ್ಣೊಬ್ಬಳು ಎದುರಿಸುವ ಸಮಸ್ಯೆಗಳನ್ನು ಈ ಕೃತಿಯಲ್ಲಿ ಚಿತ್ರಿಸಲಾಗಿದೆ. | ||
| 690 |
_aKannada Fiction _9211948 |
||
| 906 | _a036087 | ||
| 942 |
_2ddc _cBK |
||
| 999 |
_c86623 _d86623 |
||